Revenge (Record no. 56455)

MARC details
000 -LEADER
fixed length control field 00497nam a2200157 a 4500
008 - FIXED-LENGTH DATA ELEMENTS--GENERAL INFORMATION
fixed length control field 160816s2013 ||||||||||||||||| || u
020 ## - INTERNATIONAL STANDARD BOOK NUMBER
International Standard Book Number 9780755375639
050 ## - LIBRARY OF CONGRESS CALL NUMBER
Classification number PR 6053.O413R4
100 ## - MAIN ENTRY--PERSONAL NAME
Personal name Cole, Martina
245 10 - TITLE STATEMENT
Title Revenge
Statement of responsibility, etc. By Martina Cole
260 ## - PUBLICATION, DISTRIBUTION, ETC.
Place of publication, distribution, etc. London
Name of publisher, distributor, etc. Headline
Date of publication, distribution, etc. 2013
300 ## - PHYSICAL DESCRIPTION
Extent 612 p.
350 ## - PRICE (NR) (BK AM CF MU VM SE) [OBSOLETE]
Price 9.73
650 ## - SUBJECT ADDED ENTRY--TOPICAL TERM
Topical term or geographic name entry element ENGLISH LANGUAGE
995 ## - RECOMMENDATION 995 [LOCAL, UNIMARC FRANCE]
-- CBU-MAIN LIBRARY (Kitwe)
-- 1
-- AVAILABLE
-- Sep 22, 2016
-- Fiction Collection
Holdings
Withdrawn status Lost status Source of classification or shelving scheme Damaged status Not for loan Home library Current library Shelving location Date acquired Total Checkouts Total Renewals Full call number Barcode Date last seen Date last checked out Price effective from Koha item type
          CBU-MAIN LIBRARY, KITWE. CBU-MAIN LIBRARY, KITWE.   11/30/2022 3 1 PR 6053.O413R4 746773 09/04/2025 08/08/2025 11/30/2022 MONOGRAPH